[Event "Anogia op 3rd"]
[Site "Anogia"]
[Date "2014.07.30"]
[Round "1"]
[White "Simeonidis, Ioannis"]
[Black "Gialitakis, Ioannis"]
[Result "1-0"]
[WhiteElo "2234"]
[BlackElo "1203"]
[PlyCount "39"]
[EventDate "2014.07.30"]
[EventType "swiss"]
[EventRounds "9"]
[EventCountry "GRE"]
[SourceTitle "CBM 161 Extra"]
[Source "ChessBase"]
[SourceDate "2014.08.29"]
[SourceVersion "1"]
[SourceVersionDate "2014.08.29"]
[SourceQuality "1"]

1. Nf3 d5 2. c4 dxc4 3. e3 Nf6 4. Bxc4 e6 5. 0-0 Be7 6. d4 0-0 7. Qe2 b6 8. e4 Bb7 9. Nc3 c5 10. Rd1 Qc7 11. e5 Nd5 12. Nxd5 exd5 13. Bd3 c4 14. Bb1 b5 15. h4 f6 16. Bf4 fxe5 17. Bxe5 Bd6 18. Ng5 Qe7 19. Bxh7+ Kh8 20. Qh5 1-0